000 00903nam a2200193Ii 4500
003 JO-AjNU
008 230605s9999||||xx |||||||||||||| ||und||
040 _aJO-AjNU
_bara
_erda
_cJO-AjNU
041 _aara
050 1 4 _aKRM3550.1982
100 3 _aإعداد حبيب الرحمن جدي ؛ إشراف عاطف صدقي,
_eauthor
_947046
245 0 0 _aدور السياسة الضريبية في اجتذاب رؤوس الأموال الأجنبية في الدول الآخذة في النمو
264 3 1 _aالقاهرة : جامعة القاهرة، 1982
300 _a429ص
336 _atext
_btxt
_2rdacontent
337 _aunmediated
_bn
_2rdamedia
338 _avolume
_bnc
_2rdacarrier
650 4 _aالضرائب -- قوانين وتشريعات -- الدول النامية -- القانون الدولي التجاري -- الدول النامية -- سياسة اقتصادية
_947047
999 _aA20510
_c24078
_d24078